00847 2200301 4500001002100000005001500021035002000036007000300056040001700059100002800076245011500104250001200219300003000231020001800261041000800279082000800287084001400295090002000309264004200329336002100371337003000392338002300422650001900445850001000464008004100474990001500515990001500530INLIS00000000000845220260519125938 a0010-0922000941ta aSBPUPADbind0 aAryo PrayogiePengarang1 aMendapatkan Nilai Terbaik Biologi di Ulangan dan Semester :bpanduan belajar pintar tanpa guru /cAryo Prayogi a.-cet.1 a125 hlm :bilus. ;c23 cm a602-7993-06-50 aind a570 a570 ARY m a570 ARY m L17-2 a.--Jakarta :bPusbuk Depdiknas,c2009 2rdacontentateks 2rdamediaatanpa perantara 2rdacarrieravolume 4aBuku Pelajaran aPUPAD260519 0  a555/B/2013 a554/B/2013